Violencia en la pareja: manifestaciones concretas y factores asociados = Domestic violence : concrete manifestations and associated factors /
Se trata de una investigación de campo de tipo descriptiva y exploratoria que trabajó con variables-aspectos tales como nivel socioeconómico, comunicación en la pareja y violencia en la pareja. Esta fue realizada en una comunidad de bajo nivel socioeconómico de Ciudad Bolívar, Venezuela, durante el...
Gardado en:
| Autor Principal: | |
|---|---|
| Outros autores: | |
| Formato: | Texto |
| Materias: | |
| Etiquetas: |
Engadir etiqueta
Sen Etiquetas, Sexa o primeiro en etiquetar este rexistro!
|
MARC
| LEADER | 00000 a a2200000 04500 | ||
|---|---|---|---|
| 001 | 40633 | ||
| 003 | |||
| 040 | |||
| 100 | |a Rodríguez, Francisco | ||
| 245 | |a Violencia en la pareja: manifestaciones concretas y factores asociados = |b Domestic violence : concrete manifestations and associated factors / |c Franciso Rodríguez ; Luis Cordova | ||
| 500 | |a franciscorodriguez50@cantv.net | ||
| 520 | |a Se trata de una investigación de campo de tipo descriptiva y exploratoria que trabajó con variables-aspectos tales como nivel socioeconómico, comunicación en la pareja y violencia en la pareja. Esta fue realizada en una comunidad de bajo nivel socioeconómico de Ciudad Bolívar, Venezuela, durante el año 2006, tomando una muestra de 45 familias y definiendo a la mujer como unidad de información. Se reportaron altos niveles de violencia verbal y bajos niveles de violencia física. | ||
| 590 | |a RRA/ENERO2011 | ||
| 650 | |a VIOLENCIA | ||
| 650 | |a VIOLENCIA INTRAFAMILIAR | ||
| 650 | |a REPRESENTACION SOCIAL | ||
| 650 | |a GRUPOS POPULARES | ||
| 650 | |a VENEZUELA | ||
| 700 | |a Córdova, Luis | ||
| 773 | |g volumen18, número2 (2009), páginas 323-338 : tablas | ||
| 999 | |c 25716 |d 25716 | ||
